000 00628cam a22002173a 4500
001 38675
003 PGUSA
005 20140828083843.0
008 120126s2012||||xxu|||||s|||||000 | eng d
040 _aPGUSA
_beng
042 _adc
100 1 _aRoberts, Charles G. D.,
_cSir,
_d1860-1943
245 1 0 _aHoof and Claw
_h[electronic resource] /
_cCharles G. D., Roberts
260 _bProject Gutenberg,
_c2012
506 _aPublic domain in the USA.
516 _aElectronic text
700 1 _aBransom, Paul,
_d1885-1979
830 0 _aProject Gutenberg
_v38675
856 4 0 _uhttp://www.gutenberg.org/ebooks/38675
942 _cEB
999 _c267929
_d267929